000
00271nam a2200121 a 4500
001
4140
005
20140414132039.0
008
090218s19uu xx 00 eng d
050
_a
BB
_b
B85 2006
100
_a
Blessings
245
_a
The Bubbly bumblebee.
999
_c
113816
_d
113816